Statistiques concernant test de connaisance harry potter

Cliquez ici pour prendre le quiz!

Statistiques générales

  • Ce quiz a été pris 599 fois
  • Le résultat moyen est 9 sur 15

Statistiques - réponses

QuestionRéponse% Correct
Qui apprend a Harry Qu'il est un sorcier?Rubeus Hagrid
97%
quesqu'a été conçu par James Potter, Sirius Black, Peter Pettigrow et Remus Lupin quand ils était élève a Poudlard?la carte du maraudeur
95%
Qui tue Bellatrix Lestrange a la fin de le sage?Molly Weasley
95%
Qui est la meilleure amie de l'ennemi d'Harry?Pansy Parkinson
92%
quel prénoms ont donner Ron et Hermione à leurs enfants?Rose et Hugo
92%
Quel sortilege le professeur McGonagall rêver d'utiliser?Piertotum Locomotor
89%
Dans quel Harry Potter, le golden trio échappe a la mort pour la premiere fois?harry potter a l'école des sorciers
81%
Avec qui se marie Drago Malefoy?Astoria Greengrass
80%
Qui est Tom Jedusor?Lord Voldemort jeune
76%
Qui a passer le casting pour le role de Bellatrix Lestrange avant Helena Bonam Carter et qui a eu un autre rôle?Helen McCrory
44%
ques'que peter pettigrow a fait avant de ressusciter Voldemort?il c'est couper la main et ensuite il a pris du sang d'harry
42%
Qui est l'élève s'envole sans la permission de la professeur dans harry potter a l'école des sorciersNeville Londubat
42%
Où a été tourner Harry Potter et la Coupe de Feu?Angleterre
14%
Quel acteur d'harry potter et mort?Imelda Staunton
2%
Alfred Enoch joue le role de qui dans la saga Harry Potter?Harry Potter
1%

Distribution des résultats

Percentile par nombre de réponses

% des personnes avec chaque résultat

Votre développement - résultats

Vous n’avez pas pris ce quiz